| 000 | 00788nam a22002177a 4500 | ||
|---|---|---|---|
| 003 | OSt | ||
| 005 | 20250901025452.0 | ||
| 008 | 250901b |||||||| |||| 00| 0 eng d | ||
| 020 | _a978-621-04-0094-6 | ||
| 040 |
_aDWC-Main Lib _cOC |
||
| 082 | _aFil. 941.25 C955c 2019 | ||
| 100 | _aCrudo, Eugene Raymond P. | ||
| 245 |
_aA course module for the life, works, and writings of Jose Rizal/ _cEugene Raymond P. Crudo [and two others] |
||
| 260 |
_aSampaloc, Manila, Philippines : _bRex Bookstore Inc., _cc2019. |
||
| 300 |
_avi, 114 pages : _billustrations ; _c26cm. |
||
| 504 | _aIncludes bibliographical references. | ||
| 650 | _a1. Jose, Rizal-- Biography-- Study and teaching. | ||
| 700 | _aGuiwa, Herlad Ian C. | ||
| 700 | _aPawilen, Reidan M. | ||
| 942 |
_2ddc _cBK - FIL _kFil. _n0 |
||
| 999 |
_c4416 _d4416 |
||